サドンデス 収容人数が3万人以上の野球場 - Statistics

General Stats
  • This quiz has been taken 240 times
  • The average score is 2 of 12
Answers on the Grid
Answers color-coded by a green-red scale on the quiz's grid according to % correct below.
明治神宮野球場
ZOZOマリンスタジアム
楽天モバイルパーク宮城
ほっともっとフィールド神戸
ちゅ〜るスタジアム清水
HARD OFF ECOスタジアム新潟
福島県営あづま球場
いわきグリーンスタジアム
ノーブルホームスタジアム水戸
宇都宮清原球場
上毛新聞敷島公園野球場
埼玉県営大宮公園野球場
ぎふしん長良川球場
長野オリンピックスタジアム
富山市民球場アルペンスタジアム
わかさスタジアム京都
ロートスタジアム奈良
大阪シティ信用金庫スタジアム
オーヴィジョンスタジアム下関
マスカットスタジアム
坊っちゃんスタジアム
北九州市民球場
長崎ビッグNスタジアム
ひなたサンマリンスタジアム宮崎
 
Answer Stats
Answer % Correct
明治神宮野球場
75%
楽天モバイルパーク宮城
31%
ほっともっとフィールド神戸
27%
坊っちゃんスタジアム
16%
マスカットスタジアム
15%
HARD OFF ECOスタジアム新潟
14%
長野オリンピックスタジアム
11%
ひなたサンマリンスタジアム宮崎
7%
福島県営あづま球場
6%
いわきグリーンスタジアム
4%
富山市民球場アルペンスタジアム
4%
宇都宮清原球場
2%
No matching quizzes found
Score Distribution
Percent of People with Each Score
Percentile by Number Answered
Your Score History
You have not taken this quiz